000 00742nam a2200253Ia 4500
003 OSt
005 20220926015131.0
006 a|||||r|||| 00| 0
007 ta
008 220923b |||||||| |||| 00| 0 eng d
037 _cGeneral Book
040 _aRTL
_cRTL
_beng
041 _2eng
_aeng
082 _aX.1.N9, M9;N3
100 _aCameron Rondo
_9127218
245 0 _aConcise economic history of the world
_b From Paleolithic times to the present
250 _a2 Ed
260 _aNew York
_bOxford
_c1993
300 _axxi, 454p
_ccm.
500 _aBibliography : P 407-33
650 _aEconomic Condition International
942 _hX.1.N9, M9;N3
_cGB
_2CC
999 _c630644
_d630644